Construcción, integración, fusión y mantenimiento de red de fibra óptica Zona Metro Managua

Presenta un anteproyecto que consiste en mejorar, ampliar y actualizar las redes de fibra óptica que se encuentran en estado de saturación, a la vez pretende sustituir las redes de cobre con años de existencia y deterioro por redes de fibra contando con la instalación de nuevos Concentrados MSAN...

Full description

Bibliographic Details
Main Author: Otero Cuevas, Erick Alejandro
Other Authors: Tutor: Flores Guido, Fernando
Format: Tesis Section = Libro
Language:Undetermined
Spanish
Published: Managua UNI 2018
Subjects:
LEADER 01142nam a2200253Ia 4500
008 240830s9999 xx 000 0 und d
040 |a BIBLIOTECA-RUSB/ Mon 621.3692 O87 
041 |a spa 
082 |a Mon 621.3692 O87 
100 1 |a Otero Cuevas, Erick Alejandro 
245 1 0 |a Construcción, integración, fusión y mantenimiento de red de fibra óptica Zona Metro Managua 
260 |a Managua  |b UNI  |c 2018 
300 |a 76 p. :il. 
500 |a Contiene: anexos y CD. 
502 |a Tesis (Ingeniero Electrónico) - UNI, 2018. 
520 3 |a Presenta un anteproyecto que consiste en mejorar, ampliar y actualizar las redes de fibra óptica que se encuentran en estado de saturación, a la vez pretende sustituir las redes de cobre con años de existencia y deterioro por redes de fibra contando con la instalación de nuevos Concentrados MSAN con equipos de transmisión de alta tecnología. 
650 7 |a RED FIBRA OPTICA 
650 7 |b  TRANSFERENCIA DE DATOS 
650 7 |c  TRANSMISIONES DE DATOS 
650 7 |d  TELECOMUNICACIONES 
700 1 |a Tutor:  |b Flores Guido, Fernando 
942 |c BK  |2 ddc 
991 |a TESIS 
999 |c 20219